[Event "Barcelona Sant Marti op 9th"]
[Site "Barcelona"]
[Date "2020.02.06"]
[Round "4"]
[White "Climent Vidal, Pere"]
[Black "Gomez Parla, Josep"]
[Result "0-1"]
[WhiteElo "1485"]
[BlackElo "1725"]
[PlyCount "88"]
[EventDate "2020.01.16"]
[EventType "swiss"]
[EventRounds "9"]
[EventCountry "ESP"]
[SourceTitle "CBM 195 Extra"]
[Source "ChessBase"]
[SourceDate "2020.05.31"]
[SourceVersion "1"]
[SourceVersionDate "2020.05.31"]
[SourceQuality "1"]

1. b4 e6 2. Bb2 Nf6 3. a3 d5 4. e3 c5 5. b5 a6 6. c4 axb5 7. cxd5 exd5 8. Bxb5+ Bd7 9. Nc3 Be7 10. Nf3 Nc6 11. 0-0 0-0 12. Ne2 Qb6 13. a4 Ne4 14. Ne5 Nxe5 15. Bxe5 Bxb5 16. axb5 Bf6 17. Bxf6 Nxf6 18. Rb1 Ra5 19. Nc3 Rfa8 20. Qb3 d4 21. Nd5 Nxd5 22. Qxd5 dxe3 23. dxe3 Rxb5 24. Qe4 Rxb1 25. Rxb1 Qc7 26. g3 Rb8 27. Kf1 g6 28. Ke2 Kg7 29. h4 h5 30. Rb2 b5 31. Rd2 Kg8 32. Qd5 c4 33. Rb2 b4 34. Rc2 c3 35. Qb3 Qc5 36. Kd1 Qd6+ 37. Ke2 Rd8 38. Ra2 Qd3+ 39. Ke1 Qe4 40. Ke2 Qg4+ 41. Ke1 Qf3 42. Qa4 Qd5 43. Ke2 b3 44. Ra3 Qd1# 0-1

[Event "Barcelona Sant Marti op 9th"]
[Site "Barcelona"]
[Date "2020.01.16"]
[Round "1"]
[White "Alcaraz Lopez, Francesco"]
[Black "Climent Vidal, Pere"]
[Result "1-0"]
[WhiteElo "1835"]
[BlackElo "1485"]
[PlyCount "107"]
[EventDate "2020.01.16"]
[EventType "swiss"]
[EventRounds "9"]
[EventCountry "ESP"]
[SourceTitle "CBM 195 Extra"]
[Source "ChessBase"]
[SourceDate "2020.05.31"]
[SourceVersion "1"]
[SourceVersionDate "2020.05.31"]
[SourceQuality "1"]

1. c4 e5 2. Nc3 Nf6 3. Nf3 d6 4. g3 Nc6 5. d3 Be7 6. Bg2 Bd7 7. 0-0 0-0 8. a3 a6 9. b4 Qc8 10. Bb2 Bh3 11. d4 Bxg2 12. Kxg2 exd4 13. Nxd4 Nxd4 14. Qxd4 Qg4 15. Qxg4 Nxg4 16. Nd5 Bd8 17. h3 Ne5 18. Rac1 c6 19. Ne3 Re8 20. Rfd1 Bc7 21. Rd2 f6 22. Nf5 Rad8 23. f4 Nf7 24. Rcd1 Re6 25. Nd4 Re7 26. f5 Rde8 27. Ne6 Bb8 28. Re1 Nd8 29. Nxd8 Rxd8 30. c5 d5 31. e3 Rde8 32. Bd4 Be5 33. Kf3 Bc7 34. g4 Kf7 35. Rb1 Be5 36. Rb3 Bc7 37. Rdd3 Re4 38. a4 Be5 39. b5 Bxd4 40. exd4 cxb5 41. axb5 axb5 42. Rxb5 Rb8 43. c6 Re7 44. Rdb3 b6 45. Rxb6 Rxb6 46. Rxb6 Re1 47. Rb5 Rc1 48. Rc5 Rxc5 49. dxc5 Ke7 50. Ke3 Kd8 51. Kd4 Kc7 52. Kxd5 g6 53. Ke6 Kxc6 54. fxg6 1-0

[Event "Barcelona Sant Marti op-B 20th"]
[Site "Barcelona"]
[Date "2018.07.17"]
[Round "5"]
[White "Climent Vidal, Pere"]
[Black "Llopis Jordan, Lluis"]
[Result "1-0"]
[WhiteElo "1441"]
[BlackElo "1683"]
[PlyCount "105"]
[EventDate "2018.07.13"]
[EventType "swiss"]
[EventRounds "9"]
[EventCountry "ESP"]
[SourceTitle "EXT 2019"]
[Source "ChessBase"]
[SourceDate "2018.10.10"]
[SourceVersion "1"]
[SourceVersionDate "2018.10.10"]
[SourceQuality "1"]

1. b4 f5 2. Bb2 e6 3. a3 Nf6 4. c4 c6 5. e3 d5 6. cxd5 cxd5 7. Nf3 Bd6 8. g3 Nbd7 9. Ng5 Nb6 10. d3 Bd7 11. Nc3 0-0 12. Bg2 Qe8 13. 0-0 a5 14. bxa5 Rxa5 15. Qd2 Qa8 16. Nb1 Na4 17. Rc1 Nc5 18. Rc3 Rb5 19. Qc2 Qa4 20. Nd2 Qxc2 21. Rxc2 Nxd3 22. Rb1 h6 23. Ngf3 Ne4 24. Bf1 Nexf2 25. Ne1 Rxb2 26. Rcxb2 Nxb2 27. Kxf2 Bxa3 28. Nc2 Nd1+ 29. Rxd1 Bc5 30. Rb1 Bc6 31. Nd4 Bxd4 32. exd4 Ra8 33. Bb5 Kf7 34. Rb2 g5 35. Nf3 Kf6 36. Ne5 Bxb5 37. Rxb5 Ra4 38. Ke3 f4+ 39. gxf4 gxf4+ 40. Kd3 Ra3+ 41. Ke2 Kf5 42. Rxb7 Ke4 43. Re7 Kxd4 44. Nf3+ Rxf3 45. Kxf3 e5 46. Rh7 Kd3 47. Rxh6 e4+ 48. Kxf4 d4 49. Rh3+ e3 50. Rh8 e2 51. Re8 Kd2 52. Kf3 d3 53. Kf2 1-0

[Event "Foment Martinenc op-B 20th"]
[Site "Barcelona"]
[Date "2018.06.02"]
[Round "7"]
[White "Climent Vidal, Pere"]
[Black "Capdevila Lopez, Ferran"]
[Result "0-1"]
[WhiteElo "1467"]
[BlackElo "1582"]
[PlyCount "68"]
[EventDate "2018.04.21"]
[EventType "swiss"]
[EventRounds "9"]
[EventCountry "ESP"]
[SourceTitle "CBM 184 Extra"]
[Source "ChessBase"]
[SourceDate "2018.06.28"]
[SourceVersion "1"]
[SourceVersionDate "2018.06.28"]
[SourceQuality "1"]

1. b4 e5 2. a3 d5 3. Bb2 Bd6 4. e3 Nf6 5. c4 c6 6. c5 Bc7 7. Be2 Bf5 8. Nf3 Nbd7 9. 0-0 0-0 10. Nh4 Be6 11. Nf3 Re8 12. Qc2 e4 13. Nd4 Ne5 14. Nxe6 Rxe6 15. Qd1 Nfd7 16. f4 Nc4 17. Bxc4 dxc4 18. Nc3 Nf6 19. Qe2 Qd3 20. Qd1 Rd8 21. Rf2 Qd7 22. Nb1 Nd5 23. Bd4 Ne7 24. Nc3 Nf5 25. Ne2 c3 26. dxc3 Nxe3 27. Qc1 Nf5 28. Rf1 Qe7 29. g3 h5 30. h4 Rg6 31. Kh2 Nxg3 32. Kh3 Rg4 33. Qe3 Qxh4+ 34. Kg2 Nxe2+ 0-1

[Event "Barcelona Sant Marti op-B 19th"]
[Site "Barcelona"]
[Date "2017.07.21"]
[Round "9"]
[White "Pinyol I Llora, Julia"]
[Black "Climent Vidal, Pere"]
[Result "1-0"]
[WhiteElo "1130"]
[BlackElo "1530"]
[PlyCount "90"]
[EventDate "2017.07.13"]
[EventType "swiss"]
[EventRounds "9"]
[EventCountry "ESP"]
[SourceTitle "EXT 2018"]
[Source "ChessBase"]
[SourceDate "2017.10.13"]
[SourceVersion "1"]
[SourceVersionDate "2017.10.13"]
[SourceQuality "1"]

1. e4 e6 2. d4 d5 3. e5 c5 4. c3 Qb6 5. Nf3 Nc6 6. a3 Nge7 7. b4 c4 8. Be2 Ng6 9. 0-0 Be7 10. Qc2 Bd7 11. Bg5 Qd8 12. Bxe7 Ncxe7 13. Nbd2 0-0 14. Rfe1 a5 15. Nf1 a4 16. Ng3 Nf5 17. Nxf5 exf5 18. Rab1 b5 19. Qd2 Be6 20. Qg5 Qe8 21. Bd1 h6 22. Qg3 Qe7 23. h3 f4 24. Qh2 Rae8 25. h4 Bg4 26. h5 Bxf3 27. Bxf3 Nh4 28. Qxf4 Nxf3+ 29. Qxf3 Qd8 30. Qf5 Re6 31. Re3 Qe7 32. Rg3 g5 33. Re1 Kh8 34. f4 Rg8 35. Ree3 Qe8 36. fxg5 hxg5 37. Rxg5 Qf8 38. Reg3 Rxg5 39. Rxg5 Qh6 40. Qg4 Re8 41. Qd7 Rf8 42. Rf5 Qh7 43. g4 Rg8 44. Rxf7 Qb1+ 45. Rf1 Rf8 1-0

[Event "Foment Martinenc op-B 19st"]
[Site "Barcelona"]
[Date "2017.04.29"]
[Round "2.15"]
[White "Climent Vidal, Pere"]
[Black "Esteban Bruguera, German"]
[Result "0-1"]
[WhiteElo "1552"]
[BlackElo "1720"]
[PlyCount "56"]
[EventDate "2017.04.22"]
[EventType "swiss"]
[EventRounds "9"]
[EventCountry "ESP"]
[SourceTitle "EXT 2024"]
[Source "ChessBase"]
[SourceDate "2023.10.10"]
[SourceVersion "1"]
[SourceVersionDate "2023.10.10"]
[SourceQuality "1"]

1. d4 Nf6 2. c4 g6 3. Nf3 Bg7 4. Nc3 d5 5. e3 0-0 6. Be2 c6 7. 0-0 Nbd7 8. Ne5 dxc4 9. Nxc4 Nb6 10. Ne5 Nfd5 11. Bd2 Be6 12. a3 f6 13. Nc4 Nxc3 14. Bxc3 Bxc4 15. Bxc4+ Nxc4 16. b3 Nb6 17. e4 f5 18. f3 fxe4 19. f4 Nd5 20. Qd2 Nxc3 21. Kh1 Qxd4 22. Qc2 Qd3 23. Qf2 Rf5 24. Qh4 Bf6 25. Qe1 Rd8 26. g4 Rfd5 27. f5 g5 28. Rg1 Qf3+ 0-1

[Event "Foment Martinenc op-B 19st"]
[Site "Barcelona"]
[Date "2017.04.22"]
[Round "1.8"]
[White "Garcia Gonzalez, Juan"]
[Black "Climent Vidal, Pere"]
[Result "1-0"]
[WhiteElo "1758"]
[BlackElo "1552"]
[PlyCount "141"]
[EventDate "2017.04.22"]
[EventType "swiss"]
[EventRounds "9"]
[EventCountry "ESP"]
[SourceTitle "EXT 2024"]
[Source "ChessBase"]
[SourceDate "2023.10.10"]
[SourceVersion "1"]
[SourceVersionDate "2023.10.10"]
[SourceQuality "1"]

1. c4 e5 2. Nc3 Nf6 3. g3 d5 4. cxd5 Nxd5 5. Bg2 Nxc3 6. bxc3 c6 7. Nf3 Bd6 8. 0-0 0-0 9. d3 Re8 10. Nd2 Nd7 11. Ne4 Be7 12. Bb2 Nf6 13. Nxf6+ Bxf6 14. c4 Bf5 15. Qb3 Rb8 16. Rfd1 Qc8 17. Qc2 Qe6 18. Re1 Rbd8 19. Rad1 e4 20. dxe4 Bg6 21. Bxf6 Qxf6 22. f3 h6 23. Rd3 Rd6 24. Qb3 Rb8 25. Red1 Rxd3 26. exd3 Bh5 27. d4 b5 28. a3 a5 29. d5 Qd6 30. dxc6 Qxc6 31. cxb5 Qc5+ 32. Kf1 Rxb5 33. Qd3 Qb6 34. Qd8+ Qxd8 35. Rxd8+ Kh7 36. Rd3 f6 37. g4 Bf7 38. Kf2 h5 39. h3 h4 40. Re3 g5 41. Bf1 Rc5 42. Bd3 Kg7 43. Ba6 Rc2+ 44. Re2 Rc5 45. Rb2 Kg6 46. Bb5 Rc3 47. a4 Rb3 48. Re2 Rc3 49. Rd2 Bc4 50. Rb2 Rb3 51. Rxb3 Bxb3 52. Ke2 Kf7 53. Kd2 Ke7 54. Ke3 Kd6 55. f4 Kc5 56. fxg5 fxg5 57. Kd3 Kd6 58. Kd4 Bd1 59. e5+ Ke7 60. Kc5 Bf3 61. Bf1 Bd1 62. Kb5 Ke6 63. Kxa5 Kxe5 64. Kb5 Kd6 65. a5 Kc7 66. a6 Bf3 67. a7 Bb7 68. Kc5 Kd7 69. Kb6 Bf3 70. Bb5+ Kd6 71. Ba6 1-0

[Event "Foment Martinenc op-B 18th"]
[Site "Barcelona"]
[Date "2016.06.18"]
[Round "9"]
[White "Rodriguez Batuecas, Jordi"]
[Black "Climent Vidal, Pere"]
[Result "1-0"]
[WhiteElo "1562"]
[BlackElo "1576"]
[PlyCount "95"]
[EventDate "2016.04.23"]
[EventType "swiss"]
[EventRounds "9"]
[EventCountry "ESP"]
[SourceTitle "EXT 2017"]
[Source "ChessBase"]
[SourceDate "2016.10.25"]
[SourceVersion "1"]
[SourceVersionDate "2016.10.25"]
[SourceQuality "1"]

1. e4 e6 2. d4 d5 3. Nd2 Bb4 4. c3 Be7 5. Ngf3 Nf6 6. exd5 Nxd5 7. Be2 0-0 8. 0-0 c5 9. Qc2 Nf4 10. Re1 Nxe2+ 11. Rxe2 b6 12. Qe4 Qd5 13. Qxd5 exd5 14. Rxe7 Nc6 15. Re1 c4 16. b3 b5 17. Ne5 Re8 18. Bb2 Nxe5 19. dxe5 Bf5 20. Nf3 h6 21. Nd4 Bd7 22. Re3 a6 23. Rae1 Be6 24. f4 g6 25. Rg3 Kh7 26. Bc1 Rg8 27. Nxe6 fxe6 28. Rh3 h5 29. Kh1 Raf8 30. g4 Kh6 31. f5+ Kg7 32. f6+ Kf7 33. gxh5 Rh8 34. hxg6+ Kxg6 35. Rxh8 Rxh8 36. Rf1 Kf7 37. Rg1 b4 38. Bd2 d4 39. cxb4 c3 40. Rg7+ Ke8 41. Be1 c2 42. Rc7 d3 43. Bd2 Rh5 44. b5 axb5 45. f7+ Kf8 46. Bb4+ Kg7 47. f8Q+ Kg6 48. Qf6# 1-0

[Event "Foment Martinenc op-B 18th"]
[Site "Barcelona"]
[Date "2016.05.21"]
[Round "5"]
[White "Climent Vidal, Pere"]
[Black "Parra Ordorica, Gorka"]
[Result "0-1"]
[WhiteElo "1576"]
[BlackElo "1271"]
[PlyCount "92"]
[EventDate "2016.04.23"]
[EventType "swiss"]
[EventRounds "9"]
[EventCountry "ESP"]
[SourceTitle "EXT 2017"]
[Source "ChessBase"]
[SourceDate "2016.10.25"]
[SourceVersion "1"]
[SourceVersionDate "2016.10.25"]
[SourceQuality "1"]

1. d4 Nf6 2. c4 e6 3. Nc3 Bb4 4. Bg5 c5 5. Nf3 Qa5 6. Bd2 Nc6 7. e3 0-0 8. Bd3 d6 9. 0-0 a6 10. a3 Bxc3 11. Bxc3 Qd8 12. Qc2 b6 13. Rfd1 h6 14. b4 Qe7 15. Rab1 Nd7 16. Qb2 f5 17. d5 exd5 18. cxd5 Nce5 19. Nxe5 Nxe5 20. Be2 Bd7 21. bxc5 bxc5 22. Bxe5 Qxe5 23. Qxe5 dxe5 24. Rb7 Rfd8 25. Rc7 Ba4 26. Rb1 Bb5 27. Bxb5 axb5 28. Rxc5 Rxa3 29. Rcxb5 Rd3 30. g4 fxg4 31. e4 Kf7 32. Kg2 Rc8 33. R5b3 Rcc3 34. Rxc3 Rxc3 35. Rf1 Rf3 36. Rh1 Rf4 37. Re1 h5 38. h3 gxh3+ 39. Kg3 g5 40. Re2 g4 41. Kh2 h4 42. Kg1 g3 43. fxg3 hxg3 44. Re1 Rf2 45. Rf1 h2+ 46. Kh1 Rxf1+ 0-1

[Event "Foment Martinenc op-B 18th"]
[Site "Barcelona"]
[Date "2016.05.14"]
[Round "4"]
[White "Quiles Olive, Manuel"]
[Black "Climent Vidal, Pere"]
[Result "1-0"]
[WhiteElo "1939"]
[BlackElo "1576"]
[PlyCount "55"]
[EventDate "2016.04.23"]
[EventType "swiss"]
[EventRounds "9"]
[EventCountry "ESP"]
[SourceTitle "EXT 2017"]
[Source "ChessBase"]
[SourceDate "2016.10.25"]
[SourceVersion "1"]
[SourceVersionDate "2016.10.25"]
[SourceQuality "1"]

1. e4 e6 2. d4 d5 3. exd5 exd5 4. Nf3 Bg4 5. Be2 Nf6 6. 0-0 Nbd7 7. c4 c6 8. Nc3 a6 9. cxd5 cxd5 10. Qb3 Nb6 11. Bg5 Be7 12. h3 Be6 13. a4 Rb8 14. Rac1 Nh5 15. Bxe7 Kxe7 16. Ng5 Nf4 17. Rfe1 Qd7 18. Qxb6 h6 19. Nxe6 fxe6 20. Bf1 Kf7 21. Ne4 Qxa4 22. Rc7+ Kg6 23. Nc5 Qxd4 24. Rxe6+ Kg5 25. Ne4+ Qxe4 26. Rxe4 dxe4 27. Rxg7+ Kh5 28. g4+ 1-0

[Event "Foment Martinenc op-B 18th"]
[Site "Barcelona"]
[Date "2016.05.07"]
[Round "3"]
[White "Climent Vidal, Pere"]
[Black "Roig Martinez, Salvador"]
[Result "1/2-1/2"]
[WhiteElo "1576"]
[BlackElo "1626"]
[PlyCount "115"]
[EventDate "2016.04.23"]
[EventType "swiss"]
[EventRounds "9"]
[EventCountry "ESP"]
[SourceTitle "EXT 2017"]
[Source "ChessBase"]
[SourceDate "2016.10.25"]
[SourceVersion "1"]
[SourceVersionDate "2016.10.25"]
[SourceQuality "1"]

1. d4 Nf6 2. c4 g6 3. Nc3 Bg7 4. e4 d6 5. f3 0-0 6. Bd3 Nbd7 7. Nge2 e5 8. d5 Nc5 9. Bc2 a5 10. Be3 Nfd7 11. 0-0 Nb6 12. b3 f5 13. Bf2 f4 14. Kh1 h5 15. g3 fxg3 16. Bxg3 Bh3 17. Rf2 h4 18. Ng1 hxg3 19. hxg3 Bd7 20. Rh2 Qg5 21. Qe1 Qe7 22. Qe3 Kf7 23. Nb5 Bxb5 24. cxb5 Rh8 25. Nh3 Bf6 26. f4 Ncd7 27. Rf1 Kg7 28. g4 exf4 29. Nxf4 Rxh2+ 30. Kxh2 Be5 31. Kg2 Bxf4 32. Rxf4 Rf8 33. Qc3+ Ne5 34. Rxf8 Kxf8 35. Qh3 Kg7 36. Qe3 Qd7 37. Bd1 Kf7 38. Qh3 Kg8 39. Qh4 Nc8 40. Qf6 Qe7 41. Qf2 Qf7 42. Qc2 Qd7 43. Qe2 b6 44. Kg3 Kg7 45. Kh4 Qe7+ 46. Kg3 g5 47. Qc2 Kg6 48. Qf2 Nf7 49. Qf5+ Kg7 50. Qxc8 Qe5+ 51. Kf2 Qd4+ 52. Ke1 Qxe4+ 53. Be2 Qh1+ 54. Kf2 Qh2+ 55. Ke1 Qg3+ 56. Kd2 Qf4+ 57. Ke1 Qc1+ 58. Kf2 1/2-1/2

[Event "Foment Martinenc op-B 18th"]
[Site "Barcelona"]
[Date "2016.04.23"]
[Round "1"]
[White "Climent Vidal, Pere"]
[Black "Riu Borge, Albert"]
[Result "1-0"]
[WhiteElo "1576"]
[BlackElo "1873"]
[PlyCount "115"]
[EventDate "2016.04.23"]
[EventType "swiss"]
[EventRounds "9"]
[EventCountry "ESP"]
[SourceTitle "EXT 2017"]
[Source "ChessBase"]
[SourceDate "2016.10.25"]
[SourceVersion "1"]
[SourceVersionDate "2016.10.25"]
[SourceQuality "1"]

1. d4 d5 2. c4 e6 3. Nf3 Nf6 4. Bg5 Be7 5. Nc3 h6 6. Bh4 c5 7. e3 Nc6 8. Bd3 0-0 9. Qc2 Nb4 10. Qb1 Nxd3+ 11. Qxd3 cxd4 12. exd4 dxc4 13. Qxc4 Nd7 14. Bxe7 Qxe7 15. 0-0 Nb6 16. Qd3 Rd8 17. Rad1 Nd5 18. Nxd5 Rxd5 19. Qc3 f6 20. Rfe1 b6 21. Rc1 Rd7 22. Qc4 Rd6 23. Nh4 Bb7 24. Nf5 Qd7 25. Nxd6 Qxd6 26. Qxe6+ Qxe6 27. Rxe6 Bd5 28. Rd6 Bxa2 29. Rc7 b5 30. Rdd7 a6 31. Ra7 Re8 32. h3 g5 33. Rxa6 Bc4 34. Rad6 Rf8 35. f3 Rf7 36. Kf2 Kg7 37. Rxf7+ Kxf7 38. Ke3 Ke7 39. Rb6 h5 40. b3 Bxb3 41. Rxb5 Bc4 42. Rc5 Bf1 43. Kf2 Bd3 44. g3 Kd6 45. h4 gxh4 46. gxh4 Bg6 47. Ke3 Bf7 48. Kf4 Bg6 49. Ke3 Bf7 50. Ra5 Ke6 51. f4 Bg6 52. Kd2 Bf7 53. Kc3 Be8 54. Ra6+ Kf5 55. d5 Kxf4 56. Rxf6+ Ke5 57. Re6+ Kxd5 58. Rxe8 1-0

[Event "Barcelona Sant Marti op-B 5th"]
[Site "Barcelona"]
[Date "2016.01.21"]
[Round "2"]
[White "Climent Vidal, Pere"]
[Black "Menbrive Hernandez, Juan"]
[Result "1-0"]
[WhiteElo "1603"]
[BlackElo "1673"]
[PlyCount "69"]
[EventDate "2016.01.14"]
[EventType "swiss"]
[EventRounds "9"]
[EventCountry "ESP"]
[SourceTitle "EXT 2017"]
[Source "ChessBase"]
[SourceDate "2016.10.25"]
[SourceVersion "1"]
[SourceVersionDate "2016.10.25"]
[SourceQuality "1"]

1. d4 d5 2. c4 Nf6 3. Nf3 Nc6 4. Nc3 e6 5. Bg5 h6 6. Bd2 Bd6 7. e3 Ne7 8. Bd3 c6 9. 0-0 Qc7 10. h3 Bd7 11. c5 e5 12. cxd6 Qxd6 13. dxe5 Qe6 14. exf6 Qxf6 15. Nh2 g5 16. Ng4 Qg7 17. Qf3 f5 18. Nh2 g4 19. hxg4 fxg4 20. Qg3 h5 21. Qh4 0-0-0 22. Ne2 Bf5 23. Bxf5+ Nxf5 24. Bc3 Qg6 25. Qf6 Qh7 26. Qe6+ Rd7 27. Bxh8 g3 28. fxg3 Nxe3 29. Rf8+ Kc7 30. Qxe3 Re7 31. Qf4+ Kb6 32. Bd4+ Ka6 33. Qf3 b5 34. Nf4 Kb7 35. Nd3 1-0

[Event "Barcelona Sant Marti op-B 4th"]
[Site "Barcelona"]
[Date "2015.02.12"]
[Round "5"]
[White "Permanyer Ugartemendia, Inaki"]
[Black "Climent Vidal, Pere"]
[Result "1-0"]
[WhiteElo "1878"]
[BlackElo "1770"]
[PlyCount "97"]
[EventDate "2015.01.15"]
[EventType "swiss"]
[EventRounds "9"]
[EventCountry "ESP"]
[SourceTitle "EXT 2016"]
[Source "ChessBase"]
[SourceDate "2015.10.08"]
[SourceVersion "1"]
[SourceVersionDate "2015.10.08"]
[SourceQuality "1"]

1. d4 Nf6 2. c4 g6 3. Nc3 Bg7 4. e4 d6 5. Nf3 Bg4 6. Be2 0-0 7. 0-0 a6 8. Be3 Nbd7 9. Qc2 Bxf3 10. Bxf3 e5 11. d5 Nb6 12. Be2 Qd7 13. b4 Ng4 14. Bd2 h5 15. c5 Nc8 16. Rac1 Na7 17. f3 Nf6 18. Be3 Rfb8 19. Na4 b5 20. cxb6 Nb5 21. bxc7 Rb7 22. c8Q+ Rxc8 23. Qxc8+ Kh7 24. Qxd7 Nxd7 25. Rc6 Bf8 26. Rxa6 Nd4 27. Bxd4 exd4 28. a3 Bg7 29. f4 Nf6 30. Bd3 Re7 31. Re1 Nxd5 32. g3 h4 33. Kf2 Ne3 34. Rxd6 Ra7 35. Ra6 Rc7 36. Nc5 h3 37. Rc1 Ng4+ 38. Kg1 Ne3 39. Nb3 Rc3 40. Rxc3 dxc3 41. Rc6 Ng2 42. Kf2 Kh6 43. b5 Kh5 44. b6 g5 45. Be2+ g4 46. b7 Nxf4 47. gxf4 Kh4 48. b8Q g3+ 49. hxg3# 1-0

[Event "Barcelona Sant Marti op-B 4th"]
[Site "Barcelona"]
[Date "2015.01.15"]
[Round "1"]
[White "Agut Alvarez, Josep Lluis"]
[Black "Climent Vidal, Pere"]
[Result "1-0"]
[WhiteElo "1920"]
[BlackElo "1770"]
[PlyCount "75"]
[EventDate "2015.01.15"]
[EventType "swiss"]
[EventRounds "9"]
[EventCountry "ESP"]
[SourceTitle "EXT 2016"]
[Source "ChessBase"]
[SourceDate "2015.10.08"]
[SourceVersion "1"]
[SourceVersionDate "2015.10.08"]
[SourceQuality "1"]

1. e4 e6 2. d4 d5 3. Nc3 c5 4. exd5 exd5 5. Nf3 Nf6 6. Be2 a6 7. Bg5 Nbd7 8. Nxd5 Qa5+ 9. Bd2 Qd8 10. Nxf6+ Nxf6 11. dxc5 Bxc5 12. 0-0 0-0 13. Bd3 Bg4 14. h3 Bh5 15. Be2 Qb6 16. Rb1 Rad8 17. Bd3 Rfe8 18. b4 Bd6 19. Be3 Qc7 20. g4 Bg6 21. Qc1 Nd5 22. Bxg6 fxg6 23. c4 Nxe3 24. fxe3 Re4 25. c5 Bg3 26. Rb3 Rde8 27. Ng5 R4e7 28. Qc4+ Kh8 29. Nf7+ Kg8 30. Nd6+ Kh8 31. Nxe8 Rxe8 32. Qf7 Qb8 33. Rd3 h5 34. Rd7 Be5 35. gxh5 gxh5 36. Rf5 Re6 37. Rxh5+ Rh6 38. Rxh6+ 1-0

[Event "Barcelona Primavera La Lira op 7th"]
[Site "Barcelona"]
[Date "2014.06.12"]
[Round "8"]
[White "Climent Vidal, Pere"]
[Black "Fernandez Sopuerta, Pablo"]
[Result "0-1"]
[WhiteElo "1603"]
[BlackElo "1640"]
[PlyCount "68"]
[EventDate "2014.04.03"]
[EventType "swiss"]
[EventRounds "9"]
[EventCountry "ESP"]
[SourceTitle "EXT 2015"]
[Source "ChessBase"]
[SourceDate "2014.11.20"]
[SourceVersion "1"]
[SourceVersionDate "2014.11.20"]
[SourceQuality "1"]

1. d4 b6 2. e4 Bb7 3. Nc3 e6 4. Nf3 Bb4 5. a3 Bxc3+ 6. bxc3 Bxe4 7. Ng5 Bg6 8. Qf3 d5 9. Bb5+ c6 10. Bd3 Nf6 11. Bxg6 hxg6 12. 0-0 Nbd7 13. Re1 c5 14. Bf4 Nh5 15. Nxf7 Kxf7 16. Bc7+ Qf6 17. Qe3 Qe7 18. Qf3+ Ndf6 19. Be5 g5 20. h3 Nf4 21. Kf1 Rad8 22. Re3 Kg8 23. Rae1 Ne4 24. Qg4 Rf8 25. c4 cxd4 26. Bxd4 Qf7 27. Rxe4 dxe4 28. Rxe4 Qf5 29. Qf3 Rc8 30. Re5 Qxc2 31. Kg1 Qxc4 32. Be3 Rf8 33. Kh2 Nxh3 34. Qg3 Nxf2+ 0-1

[Event "Foment Martinenc op-C 16th"]
[Site "Barcelona"]
[Date "2014.05.03"]
[Round "2"]
[White "Bernat Mor, Juli"]
[Black "Climent Vidal, Pere"]
[Result "0-1"]
[WhiteElo "1705"]
[BlackElo "1787"]
[PlyCount "148"]
[EventDate "2014.04.26"]
[EventType "swiss"]
[EventRounds "9"]
[EventCountry "ESP"]
[SourceTitle "EXT 2015"]
[Source "ChessBase"]
[SourceDate "2014.11.20"]
[SourceVersion "1"]
[SourceVersionDate "2014.11.20"]
[SourceQuality "1"]

1. e4 e5 2. Nf3 Nf6 3. Nc3 d6 4. d4 Nc6 5. Bb5 Bd7 6. Bg5 h6 7. Bxf6 Qxf6 8. Nd5 Qd8 9. 0-0 a6 10. Be2 Be6 11. dxe5 dxe5 12. c4 Bd6 13. a3 0-0 14. b4 Bxd5 15. cxd5 Ne7 16. Qb3 f5 17. Bd3 f4 18. Rfe1 Kh8 19. Be2 Ng6 20. Rad1 Qe7 21. a4 Bxb4 22. Rf1 a5 23. Rc1 Qd6 24. Rc4 Ne7 25. Qb2 Rac8 26. Nxe5 Qf6 27. Nd3 Qxb2 28. Nxb2 Ng6 29. Nd3 Bd6 30. f3 Ne5 31. Nxe5 Bxe5 32. Rb1 b6 33. Rc6 Rfd8 34. Kf2 Kg8 35. Rd1 Kf8 36. d6 Rxd6 37. Rcc1 Ke7 38. g3 g5 39. g4 Rxd1 40. Rxd1 Rd8 41. Rc1 Rd4 42. Bb5 Rd2+ 43. Be2 Ra2 44. Rc6 Bd6 45. e5 Bxe5 46. Rxh6 Bd4+ 47. Kf1 Ra1+ 48. Kg2 Rxa4 49. h4 gxh4 50. Rxh4 Ra1 51. Bf1 Ra2+ 52. Kh3 Ra3 53. Bg2 c5 54. g5 c4 55. g6 Kf8 56. Rxf4+ Kg7 57. Rxd4 c3 58. Rd7+ Kxg6 59. Rd6+ Kf5 60. Rd3 c2 61. Rxa3 c1Q 62. Ra4 Ke5 63. Kg3 Qc3 64. Kg4 Qc8+ 65. Kg3 Qc3 66. Kg4 b5 67. Re4+ Kd6 68. f4 b4 69. f5 b3 70. f6 Qxf6 71. Ra4 Qe5 72. Bf3 b2 73. Be4 Qb5 74. Rd4+ Ke5 0-1